000
00275nam a2200109Ia 4500
001
588847
005
20250717120838.0
008
250717s9999 xx 000 0 und d
245
0
_a
Y-6 KÜÇÜK OK KUYRUKSUZ AT
_c
ŞAFAK TAVKUL
260
_b
ERDEM YAYINLARI
_c
2016
300
_b
64
999
_c
588847
_d
588847